Science video vocab. Protist.

This live-action video program is about the word protists. The program is designed to reinforce and support a student's comprehension and retention of the word protists through use of video footage, photographs, diagrams and colorful, animated graphics and labels. Viewers will see and hear prot...

Full description

Bibliographic Details
Format: Video
Language:English
Language Notes:In English.
Published: Southington, CT : Mazzarella Media, 2014.
Series:Academic Video Online
Subjects:
Online Access:Connect to this streaming video (Alexander Street Press)

MARC

Tag First Indicator Second Indicator Subfields
LEADER 00000cgm a2200000Mi 4500
001 in00005601607
006 m o c
007 cr |n||||||||a
007 vz |za|z|
008 200731s2014 ctu003 e o vneng d
005 20241201234213.4
035 |a (OCoLC)on1195889910 
040 |a ALSTP  |b eng  |e rda  |c ALSTP  |d OCLCO  |d OCLCF  |d OCLCO  |d OCLCQ  |d NUI 
019 |a 1373419406  |a 1430877542  |a 1443990936 
035 |a (OCoLC)1195889910  |z (OCoLC)1373419406  |z (OCoLC)1430877542  |z (OCoLC)1443990936 
049 |a TXAM 
245 0 0 |a Science video vocab.  |p Protist. 
246 3 0 |a Protist 
246 3 |a Science video vocabulary 
264 1 |a Southington, CT :  |b Mazzarella Media,  |c 2014. 
300 |a 1 online resource (3 minutes) 
306 |a 000236 
336 |a two-dimensional moving image  |b tdi  |2 rdacontent 
337 |a computer  |b c  |2 rdamedia 
337 |a video  |b v  |2 rdamedia 
338 |a online resource  |b cr  |2 rdacarrier 
347 |a video file  |2 rda 
490 0 |a Academic Video Online 
500 |a Title from resource description page (viewed August 12, 2020). 
520 |a This live-action video program is about the word protists. The program is designed to reinforce and support a student's comprehension and retention of the word protists through use of video footage, photographs, diagrams and colorful, animated graphics and labels. Viewers will see and hear protists used in a variety of contexts providing students with a model for how to appropriately use the word. Related words are also used and reinforced with visuals and text. 
546 |a In English. 
650 0 |a Science  |x Study and teaching (Secondary) 
650 0 |a Biology  |x Study and teaching. 
650 0 |a Protista. 
650 0 |a Eukaryotic cells. 
650 6 |a Sciences  |x Étude et enseignement (Secondaire) 
650 6 |a Biologie  |x Étude et enseignement. 
650 6 |a Protistes. 
650 6 |a Cellules eucaryotes. 
650 7 |a Biology  |x Study and teaching  |2 fast  |0 (OCoLC)fst00832476 
650 7 |a Eukaryotic cells  |2 fast  |0 (OCoLC)fst00916456 
650 7 |a Protista  |2 fast  |0 (OCoLC)fst01079975 
650 7 |a Science  |x Study and teaching (Secondary)  |2 fast  |0 (OCoLC)fst01108482 
655 7 |a Instructional films  |2 fast  |0 (OCoLC)fst01726236 
655 7 |a Instructional films.  |2 lcgft 
655 7 |a Films de formation.  |2 rvmgf 
710 2 |a Mazzarella Media (Firm),  |e publisher. 
856 4 0 |u http://proxy.library.tamu.edu/login?url=https://www.aspresolver.com/aspresolver.asp?MARC;4721307  |z Connect to this streaming video (Alexander Street Press)  |t 0 
955 |a Alexander Street Press subscription streaming video 
994 |a 92  |b TXA 
999 f f |s faad1846-39ea-49aa-bb02-1b293552abba  |i e4a9c769-ba18-40cc-b42e-05e9ae6d3a4b  |t 0 
952 f f |a Texas A&M University  |b College Station  |c Electronic Resources  |d Available Online  |t 0  |h Library of Congress classification 
998 f f |t 0  |l Available Online